Responses for Show #5151 - Monday, January 22, 2007

Contestants

[<< previous game]

Leah Buswell, a substitute teacher originally from Toledo, Washington

Dawn Alsvary, a cost accountant from Richardson, Texas

Linda Schildkraut, an art historian from Bayside, New York (whose 2-day cash winnings total $57,802)

[next game >>]

Jeopardy! Round responses

THE SHAKESPEARE CHARACTER WHO SAID...
HOT TUNES
IT'S CAPITALIZED
STATELY ARENAS
(Alex: We'll give you the arena. You give us the state where those arenas stand.)
A FEW GOOD MEN
MAGAZINES & NEWSPAPERS
    $200 2
Juliet

Linda
    $200 10
Elvis Presley

Dawn
    $200 1
I

Leah
    $200 17
(Dawn: What's New Orleans?)
(Alex: No.)
(Dawn: Oh.)
(Alex: Yes, you realize your error now. We were going for the state, so it is [*].)

Louisiana

Dawn
Triple Stumper
    $200 16
Buffalo Bill Cody

Linda
    $200 30
Tom Selleck

Leah
    $400 5
Mark Antony

Dawn
    $400 11
Jerry Lee Lewis

Leah
    $400 3
grandma and grandpa

Dawn
    $400 22
Michigan

Leah
    $400 18
John Glenn

Leah
    $400 29
"Tribune"

Linda
    $600 7
(Linda: Who is Lady Macbeth?)

Macbeth

LindaDawn
    $600 12
Elton John

Leah
    $600 4
english

Leah
    $600 23
California

Dawn
    $600 19
(Vijay) Singh

Dawn
    $600 28
(Alex: [Southern drawl] That's your basic [*]. We love it.)

Field & Stream

Triple Stumper
    $800 8
Henry V

Leah
    $800 13
James Taylor

Leah
    $800 6
Sunday and Monday

Leah
    $2,000 24
(Alex: Dawn?)
(Dawn: What's...)
(Alex: Say something.)
(Dawn: Minnesota?)
(Alex: Ah, no. It's another "M"--[*].)
(Dawn: Okay.)
(Alex: Paul Tsongas--a politician long associated with that state.)

Massachusetts

Dawn
    $800 20
(Edgar) Bergen

Dawn
    $800 26
"Post-Dispatch"

Linda
    $1000 9
(Linda: Who is Othello?)
...
(Alex: [*] speaking to Othello.)

Iago

LindaLeah
    $1000 14
"We Didn't Start the Fire"

Leah
    $1000 15
(Linda: What is three?)
...
(Alex: "The Old Man", and "Sea" is also capitalized.)

four

LindaLeah
    $1000 25
Minnesota

Leah
    $1000 21
William Caxton

Triple Stumper
    $1000 27
"Newsday"

Linda

Scores at the first commercial break (after clue 15):

Linda Dawn Leah
-$2,400 $1,600 $7,200

Scores at the end of the Jeopardy! Round:

Linda Dawn Leah
$0 $1,400 $9,200

Double Jeopardy! Round responses

GEOLOGY
AN ACTOR'S LIFE FOR ME
EUROPE
I FIND THAT HAILE SELASSIE
SAINTS
THE HEEBEE "G.B."s
(Alex: There are two words in each correct response: one word beginning with a G, one word beginning with a B.)
    $400 6
(Linda: What is a Geiger counter?)

a seismograph

LindaLeah
    $400 1
Clint Eastwood

Leah
    $400 8
Portugal

Leah
    $400 23
the trinity

Leah
    $400 16
(Alex: And we know her as St. Rose of [*].)

Lima

Triple Stumper
    $400 18
Guantanamo Bay

Linda
    $800 7
the mantle

Linda
    $800 2
Paul Giamatti

Linda
    $800 12
rainy

Linda
    $800 27
(Leah: What is Italy?)
...
[The end-of-round signal sounds.]

England

Leah
Triple Stumper
    $800 17
St. Stephen

Triple Stumper
    $800 19
the gall bladder

Leah
    $1200 9
Spain

Leah
    $1200 3
Neil Simon

Linda
    $1200 13
Sweden

Leah
    $400 24
St. Teresa (of Avila)

Leah
    $1200 20
the Great Barrier Reef

Linda
    $1600 10
the Pleistocene

Triple Stumper
    $1600 4
(Spencer) Tracy

Dawn
    $1600 14
tongue

Leah
    $1600 25
(Linda: Who is St. Andrew?)

St. Peter

LindaLeah
    $1600 21
The Gold Bug

Dawn
    $2000 11
a piedmont

Dawn
    $2000 5
Brandon Routh

Leah
    $2000 15
Holy Roman Empire

Triple Stumper
    $2000 26
the existence of God

Triple Stumper
    $6,000 22
Georges Bizet

Dawn

Scores at the end of the Double Jeopardy! Round:

Linda Dawn Leah
$3,200 $600 $18,800
(lock game)

[wagering suggestions for these scores]

Final Jeopardy! Round responses

RECENT BOOKS
DawnWho is Lamantagne?
$599
LindaWho is Tocqueville?
$1,900
LeahWho is Edmund Hillary?
$2,200
Alexis de Tocqueville

Final scores:

Linda Dawn Leah
$5,100 $1 $16,600
2nd place: $2,000 3rd place: $1,000 New champion: $16,600

Game dynamics:

Coryat scores:

Linda Dawn Leah
$3,200 $8,600 $19,600
11 R,
5 W
10 R,
3 W
(including 2 DDs)
25 R
(including 1 DD),
1 W

Combined Coryat: $31,400

[game clues] [game scores] [suggest correction]

Game tape date: 2006-11-15
The J! Archive is created by fans, for fans. Scraping, republication, monetization, and malicious use prohibited; this site may use cookies and collect identifying information. See terms. The Jeopardy! game show and all elements thereof, including but not limited to copyright and trademark thereto, are the property of Jeopardy Productions, Inc. and are protected under law. This website is not affiliated with, sponsored by, or operated by Jeopardy Productions, Inc. Join the discussion at JBoard.tv.